Acta Facultatis Paedagogicae Universitatis Tyrnaviensis Séria D Vedy o výchove a vzdelávaní
| Previous Title: | Acta Facultatis paedagogicae Universitatis Tyrnaviensis. Seria A, Humanitné vedy, Seria B, Prírodné vedy |
|---|---|
| Other Authors: | |
| Format: | Serial |
| Language: | Slovak English Czech |
| PhysicalDescription: | 5 zv. grafy, sch., tab. 24 cm Od r. 2003 dostupné v elektronickej podobe |
| Published: |
Trnava
Trnavská univerzita, Pedagogická fakulta
2000-[2008]
|
| ISBN: | 808907412X (brož. : 5/2001) 8089074464 (brož. : 6/2002) 808877487X (brož. : 4/2000) 8089074472 (brož. : suppl. 1/2002) 808082049X (brož. : r. 2005) 9788080821821 (brož. : r. 2008) |
| Subjects: |
MARC
| LEADER | 00000cas a2200000 a 4500 | ||
|---|---|---|---|
| 001 | vtls001472246 | ||
| 003 | SK-MaSNL | ||
| 005 | 20260425194130.0 | ||
| 008 | 040330d20002008xo ar 0 0 0slo | ||
| 015 | |a SNBA2002/04-01228 (roč. 4/2000) |a SNBB2005/02-00399 (roč. 5/2001) | ||
| 020 | |a 808907412X (brož. : 5/2001) | ||
| 020 | |a 8089074464 (brož. : 6/2002) | ||
| 020 | |a 808877487X (brož. : 4/2000) | ||
| 020 | |a 8089074472 (brož. : suppl. 1/2002) | ||
| 020 | |a 808082049X (brož. : r. 2005) | ||
| 020 | |a 9788080821821 (brož. : r. 2008) | ||
| 035 | |a SNK000427548 | ||
| 040 | |a SNK |b slo |c SNK |e AACR2 | ||
| 041 | 0 | |a slo |a eng |a cze |b eng | |
| 044 | |a xo |c SK | ||
| 072 | 7 | |a 37 |x Výchova a vzdelávanie |2 konspekt | |
| 072 | 7 | |a 376 |x Výchova a vzdelávanie zvláštnych skupín osôb |2 konspekt | |
| 080 | |a 37.01/.09 |2 2011 | ||
| 080 | |a (082) |2 2011 | ||
| 080 | |a 376 |2 2011 | ||
| 245 | 0 | 0 | |a Acta Facultatis Paedagogicae Universitatis Tyrnaviensis |n Séria D |p Vedy o výchove a vzdelávaní |
| 246 | 1 | 3 | |a Zborník Pedagogickej fakulty Trnavskej univerzity |
| 246 | 1 | 2 | |a Aktuálne vývojové trendy vo vyučovaní chémie |f suppl. 1/2002 |
| 246 | 1 | 0 | |a Vedy o výchove a vzdelávaní |
| 260 | |a Trnava |b Trnavská univerzita, Pedagogická fakulta |c 2000-[2008] | ||
| 300 | |a 5 zv. |b grafy, sch., tab. |c 24 cm | ||
| 310 | |a 1x ročne | ||
| 362 | 0 | |a 4 (2000)-[2008] | |
| 500 | |a Zostavovateľ: 2000-2002, 2005, 2008, Ľubomír Held | ||
| 500 | |a Názov z obalu | ||
| 500 | |a V tlač. verzii vyšiel titul aj v r. 2005 a 2008 | ||
| 504 | |a Bibliogr. odkazy | ||
| 530 | |a Od r. 2003 dostupné v elektronickej podobe | ||
| 546 | |a Text čes., angl., res. ang. | ||
| 650 | 0 | 7 | |a výchova a vzdelávanie |2 SNKPH |9 1684 |
| 650 | 0 | 7 | |a Education |2 SNKPHeng |9 265320 |
| 655 | 7 | |a zborníky |2 SNKPH |9 70165 | |
| 655 | 7 | |a Papers of several authors |2 SNKPHeng |9 153738 | |
| 700 | 1 | |a Held, Ľubomír, |d 1953- |4 com |9 120083 | |
| 710 | 2 | |a Trnavská univerzita v Trnave. |b Pedagogická fakulta |4 pbl |9 180166 | |
| 780 | 0 | 1 | |t Acta Facultatis paedagogicae Universitatis Tyrnaviensis. Seria A, Humanitné vedy, Seria B, Prírodné vedy |w vtls001378170 |
| 910 | |a snk | ||
| 919 | |a 80-89074-12-X | ||
| 919 | |a 80-89074-46-4 | ||
| 919 | |a 80-88774-87-X | ||
| 919 | |a 80-89074-47-2 | ||
| 919 | |a 80-8082-049-X | ||
| 919 | |a 978-80-8082-182-1 | ||
| 999 | |c 4773 |d 6703 | ||
| 952 | |a SNK |b SNK |y PREZ |7 0 |p 17A0416138 |o snkČSC 3341/5/2001 |i snkPV 309/2004 |0 0 |1 0 |4 0 |d 2004-03-30 |l 0 |r 2005-01-02 00:00:00 |w 2026-02-21 | ||
| 952 | |a SNK |b SNK |y PREZ |7 0 |p 17A0416139 |o snkČSC 3341/5/2001 D1 |i snkPV 310/2004 |0 0 |1 0 |4 0 |d 2004-03-30 |l 0 |r 2005-01-02 00:00:00 |w 2026-02-21 | ||
| 952 | |a SNK |b SNK |y PREZ |7 0 |p 17A0416369 |o snkČSC 3341/6/2002 |i snkPV 581/2004 |0 0 |1 0 |4 0 |d 2004-05-05 |l 0 |r 2005-01-02 00:00:00 |w 2026-02-21 | ||
| 952 | |a SNK |b SNK |y PREZ |7 0 |p 17A0416370 |o snkČSC 3341/6/2002 D1 |i snkPV 582/2004 |0 0 |1 0 |4 0 |d 2004-05-05 |l 0 |r 2005-01-02 00:00:00 |w 2026-02-21 | ||
| 952 | |a SNK |b SNK |y PREZ |7 0 |p 17A0431566 |o snkČSC 3341/A/6/2002/1 |i snkPV 1217/2004 |0 0 |1 0 |4 0 |d 2004-10-20 |l 0 |r 2005-01-02 00:00:00 |w 2026-02-21 | ||
| 952 | |a SNK |b SNK |y PREZ |7 0 |p 17A0431567 |o snkČSC 3341/A/6/2002/1 D1 |i snkPV 1218/2004 |0 0 |1 0 |4 0 |d 2004-10-20 |l 0 |r 2005-01-02 00:00:00 |w 2026-02-21 | ||
| 952 | |a SNK |b SNK |y PREZ |7 0 |p 17A0331583 |o snkČSC 3341/4/2000 |i snkKSP 1642/2002 |0 0 |1 0 |4 0 |d 2002-02-01 |l 0 |r 2005-01-02 00:00:00 |w 2026-02-21 | ||
| 952 | |a SNK |b SNK |y PREZ |7 0 |p 17A0331584 |o snkČSC 3341/4/2000 D1 |i snkKSP 1643/2002 |0 0 |1 0 |4 0 |d 2002-02-01 |l 0 |r 2005-01-02 00:00:00 |w 2026-02-21 | ||


